000 01195nam a22002897a 4500
001 BD-DhSAU 9297
003 BD-DhSAU
005 20181209115936.0
008 150612b17 bg a||||r|||| 000 0 eng d
040 _aBD-DhSAU
082 _222
_a630.715
_bN186
100 _aNasrin , Mst. Shekha
_eRegistration No. # 17-07005
245 _aFarmers' knowledge on Pesticide application in Vegetable Cultivation /
_bMS thesis
_cNasrin , Mst. Shekha
260 _aSher-e- Bangla Agricultural University :
_bDepartment of Agricultural Extension and Information System,
_c2017
300 _aix , 73 p. :
_bill. ,
_c30 cm.
500 _aMS thesis of Department of Agricultural Extension and Information System, Faculty of Agriculture, Sher-e-Bangla Agricultural University, Dhaka, Bangladesh
590 _aShofi
650 _aAgricultural Extension and Information System
650 _aFarmer
650 _aPesticide
650 _aVegetable
650 _aCultivation
700 _a Kabir , Muhammad Humayun
_eSupervisor
700 _aAlam , Md. Mahbubul
_eCo-Supervisor
856 _uhttp://archive.saulibrary.edu.bd:8080/xmlui/handle/123456789/721
_yOnline Access
942 _2ddc
_cTHESIS
999 _c14467
_d14466